000 00889nam a2200217 a 4500
001 000041101
005 20201002034623.0
008 130724s1992 sp 000 0 spa d
020 _a8400072847
040 _aDO-SdBNP
_bspa
_cBNPHU
245 0 0 _aCaracterización de materiales :
_bavances teóricos y experimentales de la metodología de la difracción /
_ccoordinadores Jordi Rius ; J. Francesc Piniella ; Carlos Miravitlles,.
260 _aMadrid :
_bConsejo Superior de Investigaciones Científicas,
_c1992.
300 _a254 p. :
_bil. ;
_c22 cm.
490 1 _aTextos Universitarios
_v21
504 _aBibliografía
700 1 _aRius, Jordi Piniella,
_eed.
_d1954-)
_967631
700 1 _aJ. Francesc,
_eed.
_967632
700 1 _aMiravitlles, Carles
_d1942-
_eed.
_967633
710 2 _aConsejo Superior de Investigaciones Científicas,
_94786
830 0 _aTextos Universitarios
_n21
_967634
999 _c40591
_d40591